00349nam a2200145Ia 4500008004100000020001800041041000800059082001300067100001300080245002600093250001200119260004200131300000900173700002100182230125s9999 xx 000 0 und d a9781847941008 aeng a658bROB aRobert S aScaling Up Excellence a1st Ed. c2014bPenguin Random House IndiaaU K a346p aRobert S & Rao H